|
|
|
|
| LEADER |
00000cam a2200000 a 4500 |
| 001 |
UCE4411 |
| 003 |
CL-VaPUC |
| 008 |
141023e20090000ag |||||||||||||||||spa|d |
| 020 |
|
|
|a 9789505070763
|
| 082 |
0 |
4 |
|a 371.782
|b CAS
|2 21
|
| 100 |
0 |
|
|a Castro Santander, Alejandro
|e author
|9 576967
|
| 245 |
1 |
3 |
|a Un corazón descuidado: sociedad, familia y violencia en la escuela
|
| 250 |
|
|
|a 1a. ed
|
| 300 |
|
|
|a 250 p
|
| 942 |
|
|
|c BK
|
| 945 |
|
|
|d 20141023 15:21:00
|a arojas
|
| 260 |
|
|
|a Buenos Aires
|b Bonum
|c 2009
|
| 650 |
|
0 |
|a Violencia escolar
|9 453211
|
| 650 |
|
0 |
|a Acoso escolar
|9 531527
|
| 650 |
|
0 |
|a Acoso laboral
|9 524688
|
| 650 |
|
0 |
|a Agresividad
|9 257862
|
| 650 |
|
0 |
|a Calidad de la educación
|9 307271
|
| 583 |
|
|
|a last modification
|c 20170907 01:11:53
|k Rodrigo Vera
|
| 999 |
|
|
|c 357382
|d 357380
|
| 952 |
|
|
|0 0
|1 0
|3 erb
|4 0
|6 371_782000000000000_CAS_2009
|7 0
|8 A
|9 465297
|a BIBTEO
|b BIBTEO
|i 501669K
|o 371.782 CAS 2009
|p 501669K
|r 2025-01-17
|w 2019-11-23
|y BK
|z Catalogado en:20141023
|k ICR
|